Misioneros en la Araucanía: 1600-1900
Salvato in:
| Autori principali: | , , |
|---|---|
| Natura: | Libro |
| Lingua: | spagnolo |
| Pubblicazione: |
Bogotá, Colombia
Centro de Publicaciones del CELAM
1990
|
| Serie: | Colección V Centenario,
38 |
| Soggetti: | |
| Tags: |
Aggiungi Tag
Nessun Tag, puoi essere il primo ad aggiungerne!!
|
MARC
| LEADER | 00000nam a2200000 a 4500 | ||
|---|---|---|---|
| 001 | UCZ2807 | ||
| 003 | CL-VaPUC | ||
| 005 | 20220106074423.0 | ||
| 008 | 951013e19900000CK |||||||||||||||||spa|d | ||
| 999 | |c 239361 |d 239359 | ||
| 040 | |c Pontificia Universidad Católica de Valparaíso | ||
| 082 | 0 | 4 | |a 266.283 PIN 1990 |2 21 |
| 100 | 0 | |a Pinto Rodríguez, Jorge |e author |9 346567 | |
| 245 | 1 | 0 | |a Misioneros en la Araucanía: |b 1600-1900 |
| 260 | |a Bogotá, Colombia |b Centro de Publicaciones del CELAM |c 1990 | ||
| 300 | |a 2 volúmenes | ||
| 490 | 0 | |a Colección V Centenario, |v 38 | |
| 500 | |a v.1: Estudios | ||
| 500 | |a v.2: Documentos | ||
| 583 | |a last modification |c 20120830 10:08:22 |k Rodrigo Vera | ||
| 650 | 7 | |a HISTORIA DE CHILE |2 CL-VaPUC |9 346570 |y 1600-1900 | |
| 650 | 0 | |a Misioneros |x EVANGELIZACION |z ARAUCANIA |z CHILE |9 324171 | |
| 650 | 7 | |a MOVIMIENTOS RELIGIOSOS |2 CL-VaPUC |9 346572 |z CHILE | |
| 700 | 0 | |a Casanova Guarda, Holdenis |e author |9 346568 | |
| 700 | 0 | |a Uribe Gutiérrez, Sergio M |e author |9 346569 | |
| 852 | |a BIBCUR | ||
| 942 | |c BK |2 ddc | ||
| 945 | |d 19951013 00:00:00 |a rbrito | ||
| 952 | |0 0 |1 0 |2 ddc |4 0 |6 266_283000000000000_PIN_1990 |7 0 |8 A |9 250443 |a BIBHIS |b BIBHIS |d 2019-11-18 |h v.1 |i 3119149 |o 266.283 PIN 1990 |p 3119149 |r 2025-01-20 |t 2 |w 2019-11-18 |y BK |k HIS | ||
| 952 | |0 0 |1 0 |2 ddc |4 0 |6 266_283000000000000_PIN_1990 |7 0 |8 A |9 250444 |a BIBHIS |b BIBHIS |d 2019-11-18 |h v.2 |i 3119157 |o 266.283 PIN 1990 |p 3119157 |r 2025-01-20 |t 2 |w 2019-11-18 |y BK |k HIS | ||
| 952 | |0 0 |1 0 |2 ddc |4 0 |6 266_283000000000000_PIN_1990 |7 0 |8 DER_HDC |9 250445 |a BIBDER |b BIBDER |d 2019-11-18 |h v.1 |i 3042928 |o 266.283 PIN 1990 |p 3042928 |r 2023-01-25 |t 1 |w 2019-11-18 |x Ubicación 4to Piso |y BK |z Estos recursos deben solicitarse con anticipación |k DER | ||
| 952 | |0 0 |1 0 |2 ddc |4 0 |6 266_283000000000000_PIN_1990 |7 0 |8 DER_HDC |9 250446 |a BIBDER |b BIBDER |d 2019-11-18 |h v.2 |i 3042979 |o 266.283 PIN 1990 |p 3042979 |r 2023-01-25 |t 1 |w 2019-11-18 |x Ubicación 4to Piso |y BK |z Estos recursos deben solicitarse con anticipación |k DER | ||